000 00394nam a2200169Ia 4500
005 20250423100647.0
008 250422s9999 xx 000 0 und d
020 _a81-265-1332-2
100 _aNagel Christian
245 0 _aProfessioal C# 2005 with . Net 3.0
260 _aIndianapolis
260 _bWiley
260 _c2007
300 _a1748 p
650 _aProgramming
942 _cBK
999 _c33978
_d33978